00573nam a2200193Ia 4500003000500000008004100005020001400046040001900060082000700079100001700086245006000103260004200163300001000205365000700215546001200222942001600234999001700250952011200267STCL230729s9999 xx 000 0 und d qPhotocopy aSTCLcSTCLbEN 222 aDouglas, Tom 0aGroup processes in social work: a theoretical synthesis bJohn Wiley and SonsaChichesterc1979 a236 p b76 aEnglish 2DDCe22cBK c90201d90201 00102DDC4070aSTCALbSTCALcGENd2023-07-29l0o361.4 DOU-GpP00972r2023-07-29 00:00:00w2023-07-29yBK